Countries That Border the Democratic Republic of the Congo by Picture - Statistics

General Stats
  • This quiz has been taken 10 times
  • The average score is 8 of 9
Answer Stats
Picture Answer % Correct
Zambia
100%
Angola
90%
Burundi
80%
Central African Republic
80%
Republic of the Congo
80%
Rwanda
80%
South Sudan
80%
Tanzania
80%
Uganda
80%
No matching quizzes found
Score Distribution
Percent of People with Each Score
Percentile by Number Answered
Your Score History
You have not taken this quiz